000 00477nam a2200157 i 4500
001 70943
003 ES-MaACL
005 20230906170955.0
007 t|
008 040804s1916 sp ||||1| spa d
100 1 _aGascón de Gotor, Anselmo.
_955860
245 1 3 _aEl Corpus Christi y las Custodias procesionales de España /
_cAnselmo Gascón de Gotor.
260 _aBarcelona :
_b[s.n.,
_c1916] (
_fSerra Hermanos)
300 _a158 p. ;
_c24 cm.
852 _aES-MaACL
_jF-9969
999 _c70943
_d70943